| 000 | 01610nam a22002537a 4500 | ||
|---|---|---|---|
| 005 | 20120828121313.0 | ||
| 010 | _aB-462244-248 | ||
| 020 |
_a817648279 _c400.00 |
||
| 035 | _aB-462244-248 | ||
| 037 |
_adpl _bK.K. Pub/Ven |
||
| 082 | _a863.1092 | ||
| 100 |
_aPradhan, Gaurav _951790 |
||
| 245 |
_aRabindranath Tagore: _bliterary concepts/ _cby Gaurav Pradhan |
||
| 260 |
_aNew Delhi _bA.P.H Publishing Corporation _c2002 |
||
| 270 |
_a5, Ansari Road, Darya Ganj _bNew Delhi |
||
| 300 |
_avii 162p. _c22cm.(Hb) |
||
| 942 |
_2ddc _cEN _h863.1092 _mPRA |
||
| 999 |
_c69432 _d69432 |
||